| 000 | 00675nam a2200145Ia 4500 | ||
|---|---|---|---|
| 008 | 170221s9999 xx 000 0 und d | ||
| 100 | _aIlya N. Maksimov | ||
| 245 | 4 | _aThe Management of Independent Educational-Cognitive Activities of Future Specialists in the Process of Vocational Training | |
| 245 | _cIlya N. Maksimov, Liya V. Faleeva, Oksana A. Pavlova, Guzel R. Fassakhova, Liliya R. Islamova, Alexandra A. Timonina, Vladimir I. Kurdyumov, Evgenia Y. Tokareva | ||
| 260 | _bInternational Review of Management and Marketing | ||
| 260 | _cNovember 2012 | ||
| 300 | _a1:2 | ||
| 650 | _xMarketing. | ||
| 856 | _uhttp://www.econjournals.com/index.php/irmm/issue/view/72 | ||
| 999 |
_c310459 _d310459 |
||